000 00878nam a2200241Ia 4500
999 _c36775
_d36775
001 2714
003 GE_BSU
005 20190604160021.0
008 181216s2012||||ge |||||||||||||| ||geo||
020 _a9789941196140
040 _cGE_BSU
041 _ageo
080 _a821.353.1 ნ–39
100 _aნახუცრიშვილი, გაგა
_92053
245 _aჰორიზონტს იქით :
_bლექსები /
_cგაგა ნახუცრიშვილი.
264 _aთბილისი :
_bპალიტრა L,
_c2012.
300 _a288 გვ. ;
_b20 სმ.
490 _aახალი ქართული ლიტერატურა,
_x2233-3010
520 _a9ახალი ქართული ლიტერატურა 12)
541 _h3 ლ.
653 _aლექსები
942 _cBK
_2udc